• 首页
  • 本馆介绍
  • 公告通知
  • 最新文献
  • 馆藏检索
  • 电子资源
  • 读者导购
  • 参考咨询
  • 我的图书馆
  • 登录
  • 详细信息显示
  • 放入我的书架
  • 预约/预借图书
  • 作者相关作品
  • 分类相关作品
  • 丛书相关作品
  • 出版社相关作品

书目信息

  • 表格格式
  • 工作单格式
  • 卡片格式
题名:
感动童年的阅读
    
 
作者: 陈蓉 主编
分册:  
出版信息: 北京   中国社会科学出版社  2013.04
页数: 193页
开本: 24cm
丛书名:
单 册:
中图分类: I058 , G252.17
科图分类:
主题词: 儿童文学--er tong wen xue--图画故事--阅读辅导
电子资源:
ISBN: 978-7-5161-2106-1
000 01153nam0 2200241 450
001 2348074212
005 20231213132140.59
010    @a978-7-5161-2106-1@d39.00CNY
100    @a20130318d2013 bc y0chiy50 ea
101 0  @achi
102    @aCN@b110000
105    @aa z 000fy
200 1  @a感动童年的阅读@Agan dong tong nian de yue du@f陈蓉主编
210    @a北京@c中国社会科学出版社@d2013.04
215    @a193页@c图@d24cm
314    @a陈蓉, 江苏江阴人, 江苏苏州江阴市图书馆馆长, 中国图书馆学会阅读推广委员会委员。
330    @a此书是一本来自母亲、老师、图书馆员手中真实的图画书阅读案例书。它有关儿童图画书阅读的导读、推荐、早期阅读兴趣培养和亲子教育。全书分为一个故事一座花园、守候启蒙之路、涂写生命底色、亲子教育现场、最好的自己在这里等五个版块。内容有绘本阅读方法、绘本解析、绘本阅读感悟和绘本中的教育体悟等, 都来自绘本阅读推广一线工作者和热心家长的实践。此书视野开阔, 提及多本优秀绘本, 引导广大家长、老师和图画书研究者进入丰富的图画书世界。
606 0  @a儿童文学@Aer tong wen xue@x图画故事@x阅读辅导
690    @aI058@v5
690    @aG252.17@v5
701  0 @a陈蓉@Achen rong@4主编
801  0 @aCN@b湖北三新@c20130423
905    @aBZT@dI058@e3
    
    感动童年的阅读/陈蓉主编.-北京:中国社会科学出版社,2013.04
    193页:图;24cm
    
    
    ISBN 978-7-5161-2106-1:39.00CNY
    此书是一本来自母亲、老师、图书馆员手中真实的图画书阅读案例书。它有关儿童图画书阅读的导读、推荐、早期阅读兴趣培养和亲子教育。全书分为一个故事一座花园、守候启蒙之路、涂写生命底色、亲子教育现场、最好的自己在这里等五个版块。内容有绘本阅读方法、绘本解析、绘本阅读感悟和绘本中的教育体悟等, 都来自绘本阅读推广一线工作者和热心家长的实践。此书视野开阔, 提及多本优秀绘本, 引导广大家长、老师和图画书研究者进入丰富的图画书世界。
●
相关链接 在五车中查询图书 在当当中查询图书 在豆瓣中查询图书


正题名:感动童年的阅读     索取号:I058/3         预约/预借

序号 登录号 条形码 馆藏地/架位号 状态 备注
1 2001577670   2001577670   辽三/辽宁北配(第三批)/1726/ [索取号:I058/3] 在馆    
2 2001577671   2001577671   辽三/辽宁北配(第三批)/1726/ [索取号:I058/3] 在馆    
3 2001577672   2001577672   辽三/辽宁北配(第三批)/1726/ [索取号:I058/3] 在馆    
4 2001577673   2001577673   辽三/辽宁北配(第三批)/1726/ [索取号:I058/3] 在馆    
5 2001577674   2001577674   辽三/辽宁北配(第三批)/1726/ [索取号:I058/3] 在馆    
6 2001577675   2001577675   辽三/辽宁北配(第三批)/1726/ [索取号:I058/3] 在馆    
7 2001577676   2001577676   辽三/辽宁北配(第三批)/1726/ [索取号:I058/3] 在馆    
8 2001577677   2001577677   辽三/辽宁北配(第三批)/1726/ [索取号:I058/3] 在馆    
9 2001577678   2001577678   辽三/辽宁北配(第三批)/1726/ [索取号:I058/3] 在馆    
10 2001577679   2001577679   辽三/辽宁北配(第三批)/1726/ [索取号:I058/3] 在馆    
11 2001577680   2001577680   辽三/辽宁北配(第三批)/1726/ [索取号:I058/3] 在馆    
12 2001577681   2001577681   辽三/辽宁北配(第三批)/1726/ [索取号:I058/3] 在馆    
13 2001577682   2001577682   辽三/辽宁北配(第三批)/1726/ [索取号:I058/3] 在馆    
14 2001577683   2001577683   辽三/辽宁北配(第三批)/1726/ [索取号:I058/3] 在馆    
15 2001577684   2001577684   辽三/辽宁北配(第三批)/1726/ [索取号:I058/3] 在馆    
16 2001577685   2001577685   辽三/辽宁北配(第三批)/1726/ [索取号:I058/3] 在馆    
17 2001577686   2001577686   辽三/辽宁北配(第三批)/1726/ [索取号:I058/3] 在馆    
18 2001577687   2001577687   辽三/辽宁北配(第三批)/1726/ [索取号:I058/3] 在馆    
19 2001577688   2001577688   辽三/辽宁北配(第三批)/1726/ [索取号:I058/3] 在馆    
20 2001577689   2001577689   辽三/辽宁北配(第三批)/1726/ [索取号:I058/3] 在馆    
21 2001577690   2001577690   辽三/辽宁北配(第三批)/1727/ [索取号:I058/3] 在馆    
22 2001577691   2001577691   辽三/辽宁北配(第三批)/1727/ [索取号:I058/3] 在馆    
23 2001577692   2001577692   辽三/辽宁北配(第三批)/1727/ [索取号:I058/3] 在馆    
24 2001577693   2001577693   辽三/辽宁北配(第三批)/1727/ [索取号:I058/3] 在馆    
25 2001577694   2001577694   辽三/辽宁北配(第三批)/1727/ [索取号:I058/3] 在馆    
26 2001577695   2001577695   辽三/辽宁北配(第三批)/1727/ [索取号:I058/3] 在馆    
27 2001577696   2001577696   辽三/辽宁北配(第三批)/1727/ [索取号:I058/3] 在馆    
28 2001577697   2001577697   辽三/辽宁北配(第三批)/1727/ [索取号:I058/3] 在馆    
29 2001577698   2001577698   辽三/辽宁北配(第三批)/1727/ [索取号:I058/3] 在馆    
30 2001577699   2001577699   辽三/辽宁北配(第三批)/1727/ [索取号:I058/3] 在馆    
山东省滨州职业学院图书馆 欢迎您!
大连网信软件有限公司© 版权所有